000 00333 a2200157 4500
001 182802
020 _a
040 _cMagnum
100 _aMalba Tahan
240 1 0 _aA sombra do arco-íris - v.1
_lpor
245 1 0 _aA sombra do arco-íris - v.1
300 _a255
362 0 _a1963
697 _aLITERATURA GERAL
942 _cBK
999 _c182802
_d182802